00309nam a2200121Ia 4500008004100000041000800041082001600049100002200065245002400087250001000111260005800121300000800179231228s2005 xx 000 0 und d aeng a332.71bSIN aSINGH (Balwinder) aAgricultural Credit aR-509 aNew DelhibDeep and Deep Publications New Delhic2005 a276